LDR 00890naa#a2200193#i#450# 001 EN\\bibl\120707 005 20260416213404.4 011 ## _a2409-1073 100 ## _a20240620b2024####ek#y0engy0150####ca 102 ## _aRU 200 1# _aFormation of tastes and preferences in modern society: philosophical analysis _eJournal article 210 1# _aMoscow _cNational Research University of Electronic Technology _d2024 215 ## _a0 с. 608 ## _aJournal article _2local 675 ## _aФилософия. Психология. 1 _aСоциальная структура. Общество как социальная система.Личности и персональные характеристики могут быть обозначены через -05 (табл.Ik). 316.3 _z 700 #1 _aRavochkin _gNikita N. 700 #1 _aFilimonova _gDaria O. 700 #1 _aKatorgin _gIlia S. 856 4# _aesgi-journal.ru _u